<?xml version="1.0" encoding="UTF-8"?>
<collection xmlns:xsi="http://www.w3.org/2001/XMLSchema-instance" xsi:schemaLocation="http://www.loc.gov/MARC21/slim http://www.loc.gov/standards/marcxml/schema/MARC21slim.xsd" xmlns="http://www.loc.gov/MARC21/slim">
 <record>
  <leader>00000ctm a22000003i 4500</leader>
  <controlfield tag="001">UP-99796217612597077</controlfield>
  <controlfield tag="003">Buklod</controlfield>
  <controlfield tag="005">20170919105505.0</controlfield>
  <controlfield tag="006">a    grb    001 u|</controlfield>
  <controlfield tag="007">ta</controlfield>
  <controlfield tag="008">170919s2017    xx     d     r    |||| u|</controlfield>
  <datafield tag="035" ind1=" " ind2=" ">
   <subfield code="a">(iLib)UPD-00344411710</subfield>
  </datafield>
  <datafield tag="040" ind1=" " ind2=" ">
   <subfield code="a">DENG</subfield>
   <subfield code="e">rda</subfield>
  </datafield>
  <datafield tag="041" ind1=" " ind2=" ">
   <subfield code="a">eng</subfield>
  </datafield>
  <datafield tag="090" ind1=" " ind2=" ">
   <subfield code="a">LG 995 2017 G685</subfield>
   <subfield code="b">A68</subfield>
  </datafield>
  <datafield tag="100" ind1="1" ind2=" ">
   <subfield code="a">Apura, Ransie Joy A.</subfield>
   <subfield code="e">author.</subfield>
  </datafield>
  <datafield tag="245" ind1="1" ind2="0">
   <subfield code="a">Development of a GIS model for evaluating accessibility of health care facilities in the City of Manila</subfield>
   <subfield code="c">Ransie Joy A. Apura ; Ariel C. Blanco, adviser.</subfield>
  </datafield>
  <datafield tag="264" ind1=" " ind2="0">
   <subfield code="a">Quezon City</subfield>
   <subfield code="b">College of Engineering, University of the Philippines Diliman</subfield>
   <subfield code="c">2017.</subfield>
  </datafield>
  <datafield tag="300" ind1=" " ind2=" ">
   <subfield code="a">xv, 119 leaves</subfield>
   <subfield code="b">color illustrations</subfield>
   <subfield code="c">28 cm</subfield>
  </datafield>
  <datafield tag="336" ind1=" " ind2=" ">
   <subfield code="a">text</subfield>
   <subfield code="2">rdacontent</subfield>
  </datafield>
  <datafield tag="337" ind1=" " ind2=" ">
   <subfield code="a">unmediated</subfield>
   <subfield code="2">rdamedia</subfield>
  </datafield>
  <datafield tag="338" ind1=" " ind2=" ">
   <subfield code="a">volume</subfield>
   <subfield code="2">rdacarrier</subfield>
  </datafield>
  <datafield tag="502" ind1=" " ind2=" ">
   <subfield code="a">Thesis (M.S. Geomatics Engineering)--University of the Philippines Diliman</subfield>
   <subfield code="d">June 2017.</subfield>
  </datafield>
  <datafield tag="506" ind1=" " ind2=" ">
   <subfield code="a">I - has patentable or registrable invention or creation.</subfield>
  </datafield>
  <datafield tag="506" ind1=" " ind2=" ">
   <subfield code="a">No - not available to the general public.</subfield>
  </datafield>
  <datafield tag="520" ind1="3" ind2=" ">
   <subfield code="a">Understanding health care from a geographic perspective is essential  in improving the planning and management of health care. One aspect of the health care management is geographic accessibility or the effects of the location of facilities relative to households and other stakeholders on the geographic accessibility of health care. The main objective of this study is to analyze equity and coverage in geographic accessibility provided by health care facilities such as public and private hospitals, public health centers, and attached lying-in clinics. This study uses healthcare facility, population, road network, and secondary data (i.e., poverty incidence, population density, and road density) for the City of Manila. Equity and coverage are evaluated using three criteria: Spatial Equity- distribution of potential access to facilities across prospective users as quantified by the Gini coefficient (0 to 1 scalar measure of inequality); Service Coverage - comparison of calculated extent of service area and provided spatial coverage capacity; and Referral Network- facility-to-facility spatial distribution and its corresponding functional hierarchy capacity. Quantitative measure for each criteria uses estimated travel time/driving time as measurement proxy, applies a prescribed time period in its closest facility analysis, and run with different travel scenarios accounting for varying nature of road traffic in the study site: Scenario 1 - travel time/driving time is 100% of maximum allowable speed for all road segments; Scenario 2- travel time/driving time is 60% of maximum allowable speed for all road segments; and Scenario 3 - 20% of maximum allowable speed for all road segments; and Scenario 4 - 20% of maximum allowable speed for primary road segments.     The results of the study indicate that varying road traffic conditions affects equity, referral availability, and service coverage of health care facilities within the geographic travel standard. Scenario 1 (all road segments at 100% maximum allowable speed, scenario 2 (all road segments at 60% maximum allowable speed, and scenario 4 (primary road segments at 20% maximum allowable speed) have high geographic accessibility while scenario 3 (all road segments at 20% maximum allowable speed) has low geographic accessibility. Resulting non-zero Gini coefficients/ inequality values (0.27 to 0.85) of all health care facilities across all districts are acceptable for the first three aforementioned scenarios. All health care facilities for scenario 1, 2, and 4 provide 78% to 100% effective coverage of the study site with all health centers and lying in clinics within 30 minutes of any hospitals and all hospitals are within 30 minutes of one another. For scenario 3: only public health centers have acceptable inequality values across all districts; Gini coefficients for general hospitals and mother &amp; child hospitals are not acceptable; hospitals have low effective coverage (0% to 4%) in some districts of the study site; health centers and lying-in clinics are within 30 minutes of at least one general hospital (level 1 or level 2 or level 3) and specialty, level 1 and level 2 hospitals are within 30 minutes of at least one level 3 hospital. The results also indicate that level 3 hospitals are end referrals hence, proximity (within geographic travel standard) of all other health care facilities to at least one is recommended. Some potential for improvement is also indicated.</subfield>
  </datafield>
  <datafield tag="650" ind1=" " ind2="0">
   <subfield code="a">Health service areas</subfield>
   <subfield code="z">Philippines</subfield>
   <subfield code="z">Manila.</subfield>
  </datafield>
  <datafield tag="650" ind1=" " ind2="0">
   <subfield code="a">Health services accessibility.</subfield>
  </datafield>
  <datafield tag="700" ind1="1" ind2=" ">
   <subfield code="a">Blanco, Ariel C.</subfield>
   <subfield code="e">adviser.</subfield>
  </datafield>
  <datafield tag="905" ind1=" " ind2=" ">
   <subfield code="a">FI</subfield>
  </datafield>
  <datafield tag="905" ind1=" " ind2=" ">
   <subfield code="a">UP</subfield>
  </datafield>
  <datafield tag="852" ind1="0" ind2=" ">
   <subfield code="a">UPD</subfield>
   <subfield code="b">DENG</subfield>
   <subfield code="h">LG 995 2017 G685</subfield>
   <subfield code="i">A68</subfield>
  </datafield>
  <datafield tag="942" ind1=" " ind2=" ">
   <subfield code="a">Thesis</subfield>
  </datafield>
 </record>
</collection>
